| 000 | 01074nam a22003257a 4500 | ||
|---|---|---|---|
| 003 | CHAP | ||
| 005 | 20220817042155.0 | ||
| 008 | 971013s1984 r 00010 d | ||
| 010 | _a36755 | ||
| 011 | _a37727 | ||
| 035 | _a41847 | ||
| 040 | _cCHAP | ||
| 090 | _aFolleto 10077 | ||
| 100 | 0 | 0 |
_aOrtega Torres, Luis Carlos. _983890 |
| 245 | _aGuía para cultivar sorgo bajo riego en el Valle de Culiacán, Ciclo 1984-84 | ||
| 260 |
_aCuliacán, Sin. : _bINIA. Campo Experimental Valle de Culiacán, _c1984 |
||
| 300 | _a11 p. | ||
| 490 |
_aFolleto para productores _v; 15 |
||
| 590 |
_aBATCH-UPD _b10 _c20130110 _lUCH01 _h0254 |
||
| 590 |
_aBATCH-UPD _b10 _c20130110 _lUCH01 _h1242 |
||
| 590 |
_aBATCH-UPD _b10 _c20130409 _lUCH01 _h2325 |
||
| 590 |
_aBATCH-UPD _b10 _c20130914 _lUCH01 _h1423 |
||
| 590 |
_aCONVERSION _b10 _c20130109 _lUCH01 _h1321 |
||
| 650 | 1 | 4 |
_aSorgo _xIrrigación. _9108688 |
| 650 | 1 | 4 |
_aSorgo _xRendimiento. _9108714 |
| 830 | 0 |
_aFolleto para productores _v; 15 |
|
| 901 | _aBK | ||
| 942 | _cFOLL | ||
| 949 |
_aFolleto 10077 _bBC _cFOLL _d-96253 _eTS1 _i41847 _si |
||
| 999 |
_c36755 _d36755 |
||